Random Countries Name in Malay - Statistics

General Stats
  • This quiz has been taken 16 times
  • The average score is 14 of 15
Answer Stats
Malay English % Correct
Kemboja Cambodia
100%
Kanada Canada
100%
Republik Demokratik Congo D. R. Congo
100%
Perancis France
100%
Jerman Germany
100%
Jepun Japan
100%
Filipina Philippines
100%
Singapura Singapore
100%
Kepulauan Solomon Solomon Islands
100%
Korea Selatan South Korea
100%
Emiriah Arab Bersatu United Arab Emirates
100%
Sepanyol Spain
93%
Amerika Syarikat United States
93%
Mesir Egypt
86%
Yunani Greece
71%
No matching quizzes found
Score Distribution
Percent of People with Each Score
Percentile by Number Answered
Your Score History
You have not taken this quiz